| 000 | 02334nam a2200277Ia 4500 | ||
|---|---|---|---|
| 005 | 20250329173539.0 | ||
| 008 | 201020s9999 xx 000 0 und d | ||
| 020 | _a9786078356812 | ||
| 040 |
_aCO-CtgCURN _bspa _ccoctgcurn |
||
| 082 |
_a361.3 _bE56p |
||
| 245 | 0 |
_aEnfoques propuestas y desafíos de la investigación y la intervención en trabajo social en el siglo XXI _h[electronic resource] / _ccoord., María Guadalupe Pardo Benítez ; Martha Leticia Cabello Garza |
|
| 260 |
_aMéxico : _bUniversidad Nacional Autónoma de México, _c2016 |
||
| 300 | _arecurso en línea (214 páginas) : | ||
| 336 |
_atexto _btxt |
||
| 337 |
_acomputador _bc |
||
| 338 |
_arecurso en línea _bcr |
||
| 504 | _aIncluye referencias bibliográficas | ||
| 505 | _aLa teoría de la acción comunicativa y el trabajo social -- Capital social e intervención con familias de sectores rurales: bases teóricas metodológicas para una aproximación desde lo social -- Aproximaciones teóricas al conocimiento de un modelo -- El trabajo social en salud. La experiencia profesional desde el enfoque de modelos de intervención -- Un modelo de intervención social cognitivo conductual para generar estilos de vida saludable -- La Investigación-Acción y el Trabajo Social, en el abordaje del fenómeno migratorio -- Georeferenciación de las familias migrantes resilientes en cuatro municipios del Estado de Colima. Una propuesta para Trabajo Social -- La investigación de los sistemas familiares y las políticas sociales en el contexto sociocultural para la intervención del trabajo social: visión multidisciplinaria -- Encrucijadas y retos del trabajo social institucional en la España del siglo XXI. De dónde venimos, quiénes somos y a dónde vamos con el Trabajo Social -- Prácticas innovadoras universitarias con mapas conceptuales multimedia (MCM), Universidad Pablo de Olavide España. -- | ||
| 590 | _aPrograma de Trabajo Social_26 | ||
| 650 | _aTrabajo social | ||
| 700 |
_aCabello Garza, Martha Leticia _ecoordinadora |
||
| 700 |
_aPardo Benítez, María Guadalupe _ecoordinadora |
||
| 856 |
_uhttps://unicurn.sharepoint.com/:b:/s/biblioteca/ETzV96n4uU9ClDeE07BHIpABgIjT5PsOcyDu9q8Ru3dL3A?e=QC1Tfg _zVea este libro electrónico |
||
| 942 |
_cCF _h361.3 _iE56p |
||
| 999 |
_c7901 _d7901 |
||